header

Expanding global military capacity for humanitarian intervention (Record no. 47295)

MARC details
000 -LEADER
fixed length control field 01126nam a2200277Ia 4500
100 1# - MAIN ENTRY--AUTHOR NAME
Personal name O'Hanlon, Michael E.
245 10 - TITLE STATEMENT
Title Expanding global military capacity for humanitarian intervention
260 ## - PUBLICATION, DISTRIBUTION, ETC. (IMPRINT)
Place of publication Washington, D.C. :
Name of publisher Brookings Institution Press,
Year of publication c2003.
300 ## - PHYSICAL DESCRIPTION
Number of Pages xi, 125 p. :
Other physical details ill.
650 #0 - SUBJECT ADDED ENTRY--TOPICAL TERM
Topical Term Peacekeeping forces.
Topical Term Humanitarian intervention.
856 40 - ELECTRONIC LOCATION AND ACCESS
Uniform Resource Identifier http://site.ebrary.com/lib/rucke/Doc?id=10063867

No items available.

© 2026 Rongo University
Contact us: librarian | system librarian | Rongo university